| 000 | 00530nam a22001457a 4500 | ||
|---|---|---|---|
| 008 | 090607t xxu||||| |||| 00| 0 eng d | ||
| 020 | _a8180140385 | ||
| 082 |
_222 _a671.36 _bSIN |
||
| 245 |
_aHeat Treatment of Metals/ _cVijendra Singh |
||
| 260 |
_aDelhi: _bA. K. Jain, _c2004 |
||
| 300 |
_a644p. : _bill.; _c22 cm. |
||
| 650 |
_95874 _aMetals _x-- Heat treatment |
||
| 942 |
_2ddc _cBB |
||
| 999 |
_c11759 _d11759 |
||